Plus larges victoires de la Ligue des Champions - Statistiques

Statistiques générales
  • Ce quiz a été pris 142 fois
  • Le résultat moyen est 10 sur 15
Statistiques - réponses
Score Saison Adversaire Club % Correct
7-0 19/02/2025 Stade Brestois 29 Paris Saint Germain
97%
9-2 17/09/2024 GNK Dinamo Bayern Munich
96%
7-0 13/03/2012 FC Bâle Bayern Munich
96%
7-0 11/03/2015 Shakhtar Donetsk Bayern Munich
96%
8-0 08/12/2015 Malmö FF Real Madrid
92%
7-0 12/03/2019 Schalke 04 Manchester City
82%
7-0 23/10/2007 Slavia Prague Arsenal
73%
7-0 10/12/2003 Olympiakos Juventus Turin
73%
8-0 06/11/2007 Beşiktaş JK Liverpool FC
72%
0-7 17/10/2017 NK Maribor Liverpool FC
72%
7-0 06/12/2017 Spartak Moscou Liverpool FC
72%
0-7 03/11/2010 MSK Žilina OM
59%
7-0 13/09/2016 Celtic FC FC Barcelone
35%
7-0 23/11/2011 KRC Genk Valence FC
13%
0-7 21/10/2014 BATE Borisov Shakhtar Donetsk
6%
Aucun quiz correspondant
Distribution des résultats
% des personnes avec chaque résultat
Percentile par nombre de réponses
Votre historique - résultats
Vous n’avez pas pris ce quiz